| 000 | 00360 a2200169 4500 | ||
|---|---|---|---|
| 001 | 195313 | ||
| 020 | _a978-85-7962-120-8 | ||
| 040 | _cMagnum | ||
| 100 | _aLima, Assis | ||
| 240 | 1 | 0 |
_aBandeira de São João _l |
| 245 | 1 | 0 | _aBandeira de São João |
| 300 | _a55 | ||
| 362 | 0 | _a2012 | |
| 440 | 1 | _aObjetiva | |
| 697 | _aLITERATURA INFANTO | ||
| 942 | _cBK | ||
| 999 |
_c195313 _d195313 |
||